Vista normal
Vista MARC
Entrada Personal Name
Número de registros utilizados en: 1
001 - CONTROL NUMBER
- control field: 1301
003 - CONTROL NUMBER IDENTIFIER
- control field: OSt
005 - DATE AND TIME OF LATEST TRANSACTION
- control field: 20110831161331.0
008 - FIXED-LENGTH DATA ELEMENTS
- fixed length control field: 110831|||a|||||| | ||| d
040 ## - CATALOGING SOURCE
- Original cataloging agency: OSt
- Transcribing agency: OSt
100 ## - HEADING--PERSONAL NAME
- Personal name: Salles, Arleen,
- Relator term: Introducción y selección de textos
670 ## - SOURCE DATA FOUND
- Source citation: Work cat.: (OSt)633: Luna, Florencia. 1300, Decisiones de vida y muerte. Eutanasia, aborto y otros temas de ética médica / , 2000.